Very Random Music Questions - Statistics

General Stats
  • This quiz has been taken 11 times
  • The average score is 2 of 15
Answer Stats
Question Answer % Correct
At what age did Mozart compose his first symphony 8
82%
From which TS song is the lyrics ‘The old Taylor can’t cometo the phone’ Look What You Made Me Do
36%
Which family soes the saxophone fall under Woodwind
36%
First song in the soundtrack of Ride the Cyclone Fall Fair
18%
Lead singer of the Dresden Dolls Amanda Palmer
9%
The last track in Korn’s first album ‘Korn’. 17 minutes long Daddy
9%
Skillet song featuring the lyrics ‘Let’s get the story straight.You were a poison. Flooding through my veins.’ It’s not me, it’s you
9%
Who wrote ‘Please don’t leave me alone wondering where you are. I am Stronger than you give me credit for’ Mitski
9%
Namika song ‘wie _____ du bist’ schön
9%
Which unreleased Ethel Cain song opens with the lyrics‘I sing the Lord’s euthanasia blues’. Crying during sex
0%
Which German rock band wrote ‘M&F’ Die Ärtze
0%
Opening song of the second act in Musical Something Rotten Hard to be the Bard
0%
Song playing in season 7 of House when House joins in aparty of college students My body is a cage
0%
Previous name for the Piano Pianoforte
0%
Song playing in My Little Pony, Friendship Games on the lead up to the final challenge Unleash the Magic
0%
No matching quizzes found
Score Distribution
Percent of People with Each Score
Percentile by Number Answered
Your Score History
You have not taken this quiz